Les membres de l'OMC - Statistiques

Statistiques générales
  • Ce quiz a été pris 10 fois
  • Le résultat moyen est 49 sur 164
Statistiques - réponses
Hint Réponse % Correct
Etats indépendants 1995 01/01 Afrique A Afrique-du-Sud
90%
Etats indépendants 1995 01/01 Europe A Allemagne
90%
Etats indépendants 1995 01/01 Amérique A Argentine
70%
Etats indépendants 1995 01/01 Amérique A Antigua-et-Barbuda
60%
Etats indépendants 1995 01/01 Océanie A Australie
60%
Etats indépendants 1995 01/01 Europe A Autriche
60%
Etats indépendants 1995 01/01 Amérique B Brésil
60%
Etats indépendants 1995 01/01 Asie B Bangladesh
50%
Etats indépendants 1995 01/01 Europe B Belgique
50%
Etats indépendants 1995 01/01 Amérique C Canada
50%
Etats indépendants 2015 30/11 Asie/Europe K Kazakhstan
50%
Etats indépendants 1995 01/01 Asie B Bahreïn
40%
Etats indépendants 1995 01/01 Amérique B Barbade
40%
Etats indépendants 1995 01/01 Amérique B Belize
40%
Etats indépendants 1995 01/01 Asie B Brunei
40%
Etats indépendants 1995 01/01 Amérique C Chili
40%
Etats indépendants 2001 11/12 Asie C Chine
40%
Etats indépendants 1995 01/01 Asie C Corée-du-Sud
40%
Etats indépendants 2016 14/07 Afrique L Liberia
40%
Etats indépendants 2004 23/04 Asie N Népal
40%
Etats indépendants 2000 09/11 Asie O Oman
40%
Etats indépendants 1995 26/03 Asie/Europe T Turquie
40%
Etats indépendants 2008 05/02 Europe U Ukraine
40%
Etats indépendants 2012 24/08 Océanie V Vanuatu
40%
Etats indépendants 2014 26/06 Asie Y Yémen
40%
Etats indépendants 2016 29/07 Asie A Afghanistan
30%
Etats indépendants 2003 05/02 Asie A Arménie
30%
Etats indépendants 1995 01/01 Asie B Birmanie
30%
Etats indépendants 1995 03/06 Afrique B Burkina Faso
30%
Etats indépendants 2004 13/10 Asie C Cambodge
30%
Etats indépendants 1995 13/12 Afrique C Cameroun
30%
Etats indépendants 1995 30/04 Amérique C Colombie
30%
Etats indépendants 1997 27/03 Afrique C Congo
30%
Etats indépendants 2000 30/11 Europe C Croatie
30%
Etats indépendants 1995 01/01 Europe D Danemark
30%
Etats indépendants 1995 31/05 Afrique D Djibouti
30%
Etats indépendants 1995 01/01 Amérique D Dominique
30%
Etats indépendants 1995 30/06 Afrique E Egypte
30%
Etats indépendants 1996 21/01 Amérique E Equateur
30%
Etats indépendants 1995 01/01 Europe E Espagne
30%
Etats indépendants 1999 13/11 Europe E Estonie
30%
Etats indépendants 1995 01/01 Afrique E Eswatini
30%
Etats indépendants 1995 01/01 Amérique E Etats-Unis
30%
Etats indépendants 1996 14/01 Océanie F Fidji
30%
Etats indépendants 1995 01/01 Europe F Finlande
30%
Etats indépendants 1995 01/01 Europe F France
30%
Etats indépendants 1995 01/01 Afrique G Gabon
30%
Etats indépendants 1996 23/10 Afrique G Gambie
30%
Etats indépendants 2000 14/06 Asie/Europe G Géorgie
30%
Etats indépendants 1995 01/01 Afrique G Ghana
30%
Etats indépendants 1995 01/01 Europe G Grèce
30%
Etats indépendants 1996 22/02 Amérique G Grenade
30%
Etats indépendants 1995 21/07 Amérique G Guatemala
30%
Etats indépendants 1995 25/10 Afrique G Guinée
30%
Etats indépendants 1995 31/05 Afrique G Guinée-Bissau
30%
Etats indépendants 1995 01/01 Amérique G Guyana
30%
Etats indépendants 1995 01/01 Amérique H Honduras
30%
Etats indépendants 1995 01/01 Europe H Hongrie
30%
Etats indépendants 1995 01/01 Asie I Indonésie
30%
Etats indépendants 1995 01/01 Europe I Irlande
30%
Etats indépendants 1995 01/01 Europe I Islande
30%
Etats indépendants 1995 01/01 Europe I Italie
30%
Etats indépendants 1995 09/03 Amérique J Jamaïque
30%
Etats indépendants 1995 01/01 Asie J Japon
30%
Etats indépendants 2000 11/04 Asie J Jordanie
30%
Etats indépendants 1995 01/01 Afrique K Kenya
30%
Etats indépendants 1995 01/01 Asie K Koweït
30%
Etats indépendants 1995 31/05 Afrique L Lesotho
30%
Etats indépendants 1999 10/02 Europe L Lettonie
30%
Etats indépendants 2001 31/05 Europe L Lituanie
30%
Etats indépendants 1995 01/01 Europe L Luxembourg
30%
Etats indépendants 2003 04/04 Europe M Macédoine du Nord
30%
Etats indépendants 1995 17/11 Afrique M Madagascar
30%
Etats indépendants 1995 01/01 Asie M Malaisie
30%
Etats indépendants 1995 31/05 Afrique M Mali
30%
Etats indépendants 1995 01/01 Europe M Malte
30%
Etats indépendants 1995 01/01 Afrique M Maroc
30%
Etats indépendants 1995 01/01 Afrique M Maurice
30%
Etats indépendants 1995 31/05 Afrique M Mauritanie
30%
Etats indépendants 1995 01/01 Amérique M Mexique
30%
Etats indépendants 2001 26/07 Europe M Moldavie
30%
Etats indépendants 2012 29/04 Europe M Monténégro
30%
Etats indépendants 1995 01/01 Afrique N Namibie
30%
Etats indépendants 1995 03/09 Amérique N Nicaragua
30%
Etats indépendants 1996 13/12 Afrique N Niger
30%
Etats indépendants 1995 01/01 Afrique N Nigeria
30%
Etats indépendants 1995 01/01 Europe N Norvège
30%
Etats indépendants 1995 01/01 Océanie N Nouvelle-Zélande
30%
Etats indépendants 1995 01/01 Afrique O Ouganda
30%
Etats indépendants 1995 01/01 Asie P Pakistan
30%
Etats indépendants 1997 06/09 Amérique P Panama
30%
Etats indépendants 1996 09/06 Océanie P Papouasie-Nouvelle-Guinée
30%
Etats indépendants 1995 01/01 Amérique P Paraguay
30%
Etats indépendants 1995 01/01 Europe P Pays-Bas
30%
Etats indépendants 1995 01/01 Amérique P Pérou
30%
Etats indépendants 1995 01/01 Asie P Philippines
30%
Etats indépendants 1995 13/01 Europe P Portugal
30%
Etats indépendants 1996 13/01 Asie Q Qatar
30%
Etats indépendants 1995 09/03 Amérique R République dominicaine
30%
Etats indépendants 1995 01/01 Europe R Roumanie
30%
Etats indépendants 1995 01/01 Amérique S Sainte-Lucie
30%
Etats indépendants 1995 01/01 Amérique S Saint-Vincent-et-les-Grenadines
30%
Etats indépendants 1996 26/07 Océanie S Salomon
30%
Etats indépendants 1995 07/05 Amérique S Salvador
30%
Etats indépendants 1995 30/07 Europe S Slovénie
30%
Etats indépendants 1995 01/07 Europe S Suisse
30%
Etats indépendants 1995 01/01 Afrique T Tanzanie
30%
Etats indépendants 2007 27/07 Océanie T Tonga
30%
Etats indépendants 1995 01/03 Amérique T Trinité-et-Tobago
30%
Etats indépendants 1995 29/03 Afrique T Tunisie
30%
Etats indépendants 1995 01/01 Amérique U Uruguay
30%
Etats indépendants 1995 01/01 Amérique V Venezuela
30%
Etats indépendants 2007 11/01 Asie V Vietnam
30%
Etats indépendants 1995 01/01 Afrique Z Zambie
30%
Etats indépendants 1995 05/03 Afrique Z Zimbabwe
30%
Etats indépendants 2000 08/09 Europe A Albanie
20%
Etats indépendants 1996 23/11 Afrique A Angola
20%
Etats indépendants 2005 11/12 Asie A Arabie Saoudite
20%
Etats indépendants 1996 22/02 Afrique B Bénin
20%
Etats indépendants 1995 12/09 Amérique B Bolivie
20%
Etats indépendants 1995 31/05 Afrique B Botswana
20%
Etats indépendants 1996 01/12 Europe B Bulgarie
20%
Etats indépendants 1995 23/07 Afrique B Burundi
20%
Etats indépendants 2008 23/07 Afrique C Cap-Vert
20%
Etats indépendants 1995 31/05 Afrique C Centrafrique
20%
Etats indépendants 1995 30/07 Asie C Chypre
20%
Etats indépendants 1995 01/01 Amérique C Costa Rica
20%
Etats indépendants 1995 01/01 Afrique C Côte d'ivoire
20%
Etats indépendants 1995 20/04 Amérique C Cuba
20%
Etats indépendants 1996 10/04 Asie E Emirats Arabes Unis
20%
Etats indépendants 1996 30/01 Amérique H Haïti
20%
Dépendances 1995 01/01 Asie H Hong-Kong
20%
Etats indépendants 1995 01/01 Asie I Inde
20%
Etats indépendants 1995 21/04 Asie I Israël
20%
Etats indépendants 1998 20/12 Asie K Kirghizistan
20%
Etats indépendants 2013 02/02 Asie L Laos
20%
Etats indépendants 1995 01/09 Europe L Liechtenstein
20%
Etats indépendants 1995 31/05 Afrique M Malawi
20%
Etats indépendants 1995 31/05 Asie M Maldives
20%
Etats indépendants 1997 29/01 Asie M Mongolie
20%
Etats indépendants 1995 26/08 Afrique M Mozambique
20%
Etats indépendants 1995 01/01 Europe P Pologne
20%
Etats indépendants 1997 01/01 Afrique R RD Congo
20%
Etats indépendants 1995 01/01 Europe R Royaume-Uni
20%
Etats indépendants 2012 22/08 Asie/Europe R Russie
20%
Etats indépendants 1996 22/05 Afrique R Rwanda
20%
Etats indépendants 1996 21/02 Amérique S Saint-Christophe-et-Niévès
20%
Etats indépendants 2012 10/05 Océanie S Samoa
20%
Etats indépendants 1995 01/01 Afrique S Sénégal
20%
Etats indépendants 2015 26/04 Afrique S Seychelles
20%
Etats indépendants 1995 23/07 Afrique S Sierra Leone
20%
Etats indépendants 1995 01/01 Asie S Singapour
20%
Etats indépendants 1995 01/01 Europe S Slovaquie
20%
Etats indépendants 1995 01/01 Asie S Sri Lanka
20%
Etats indépendants 1995 01/01 Europe S Suède
20%
Etats indépendants 1995 01/01 Amérique S Suriname
20%
Etats indépendants 2013 02/03 Asie T Tadjikistan
20%
Etats indépendants 2002 01/01 Asie T Taïwan
20%
Etats indépendants 1996 19/10 Afrique T Tchad
20%
Etats indépendants 1995 01/01 Europe T Tchéquie
20%
Etats indépendants 1995 01/01 Asie T Thaïlande
20%
Etats indépendants 1995 31/05 Afrique T Togo
20%
Autre 1995 01/01 Europe U Union européenne
20%
Dépendances 1995 01/01 Asie M Macao
10%
Aucun quiz correspondant
Distribution des résultats
% des personnes avec chaque résultat
Percentile par nombre de réponses
Votre historique - résultats
Vous n’avez pas pris ce quiz